All South Korean cities by population (2020) - Statistics

General Stats
  • This quiz has been taken 218 times
  • The average score is 49 of 85
Answer Stats
Rank Answer Population % Correct
1 Seoul 9,679,771
100%
3 Incheon 2,942,307
98%
2 Busan 3,395,514
97%
4 Daegu 2,421,859
94%
5 Daejeon 1,465,893
89%
6 Gwangju 1,451,993
85%
30 Gwangju (Gyeonggi-do) 381,324
85%
8 Ulsan 1,137,345
84%
7 Suwon 1,187,153
82%
25 Jeju 492,072
79%
19 Ansan 654,210
75%
18 Jeonju 657,745
75%
11 Changwon 1,037,161
73%
45 Gyeongju 253,468
70%
9 Goyang 1,078,047
69%
12 Seongnam 940,746
69%
20 Anyang 551,296
67%
15 Bucheon 819,990
67%
14 Cheongju 844,815
67%
23 Pohang 503,139
67%
32 Sejong 353,430
67%
10 Yongin 1,074,790
67%
26 Gimpo 469,340
66%
16 Namyangju 712,900
66%
27 Paju 464,453
65%
51 Gangneung 213,189
64%
59 Andong 158,803
63%
35 Asan 315,279
63%
28 Uijeongbu 460,390
63%
49 Mokpo 224,973
61%
66 Naju 115,153
61%
41 Yeosu 280,549
61%
13 Hwaseong 853,106
60%
50 Icheon 219,525
60%
31 Wonju 353,928
60%
55 Seogwipo 181,929
59%
40 Chuncheon 282,544
58%
29 Gumi 416,279
58%
53 Guri 197,608
58%
22 Pyeongtaek 534,343
58%
17 Cheonan 658,977
57%
52 Chungju 210,313
57%
75 Sangju 97,483
57%
42 Gunpo 274,309
56%
34 Jinju 347,795
56%
21 Gimhae 542,350
55%
36 Gwangmyeong 300,092
55%
24 Siheung 497,925
55%
38 Suncheon 282,618
55%
33 Yangsan 351,797
55%
43 Gunsan 267,911
52%
39 Iksan 282,582
52%
46 Geoje 245,956
51%
47 Yangju 230,273
51%
77 Donghae 90,560
50%
78 Sokcho 82,636
50%
37 Hanam 291,075
49%
76 Dongducheon 94,199
48%
64 Tongyeong 128,595
48%
62 Gimcheon 140,547
47%
54 Anseong 186,853
46%
48 Osan 229,591
46%
71 Gongju 104,736
44%
44 Gyeongsan 262,988
44%
85 Taebaek 42,800
44%
67 Yeoju 111,636
44%
79 Gimje 82,623
43%
70 Miryang 104,868
43%
56 Seosan 175,487
43%
72 Yeongju 103,272
43%
58 Uiwang 163,978
42%
74 Boryeong 100,249
41%
60 Gwangyang 150,680
40%
57 Dangjin 166,145
39%
83 Gwacheon 62,026
39%
61 Pocheon 147,477
39%
68 Sacheon 111,234
38%
65 Nonsan 116,888
35%
84 Gyeryong 42,848
34%
63 Jecheon 133,115
34%
69 Jeongeup 108,681
34%
80 Namwon 80,784
34%
81 Mungyeong 71,213
33%
82 Samcheok 65,409
33%
73 Yeongcheon 101,904
28%
No matching quizzes found
Score Distribution
Percent of People with Each Score
Percentile by Number Answered
Your Score History
You have not taken this quiz